| 000 | 00682nam a2200253 a 4500 | ||
|---|---|---|---|
| 005 | 20210219152844.0 | ||
| 008 | 991125n 000 0 eng u | ||
| 035 | _aUPN01000063418 | ||
| 100 | _aHunnicutt, David M. | ||
| 222 | _aNASPA JOURNAL | ||
| 245 | _aAlcohol use and abuse on an urban commuter campus / [et al.] | ||
| 300 | _a290-298 | ||
| 362 | _a1992 29, No. 4 | ||
| 505 | _aEnero 1993 | ||
| 653 | 0 | _aALCOHOLISMO | |
| 653 | 0 | _aBEBIDA | |
| 653 | 0 | _aCOLEGIOS DE COMPUTACION | |
| 653 | 0 | _aCONDUCTA DEL ESTUDIANTE | |
| 653 | 0 | _aEDUCACION URBANA | |
| 700 | _aDavis, Joe L. | ||
| 700 | _aPerry-Hunnicutt, Christina | ||
| 904 |
_aAC _b001229 |
||
| 905 | _aArticulo | ||
| 999 |
_c62095 _d62095 |
||